First Books To Feature Continuing Characters - Statistics

General Stats
  • This quiz has been taken 26 times
  • The average score is 5 of 15
Answer Stats
Novel Character % Correct
The Bourne Identity (1980) Jason Bourne
100%
Casino Royale (1953) James Bond
95%
Red Dragon (1981) Dr. Hannibal Lecter
65%
Angels & Demons (2000) Prof. Robert Langdon
55%
The Girl with the Dragon Tattoo (2005) Lisbeth Salander
40%
The Hunt for Red October (1984) Jack Ryan
35%
Along Came a Spider (1993) Dr. Alex Cross
30%
The Secret of the Old Clock (1930) Nancy Drew
30%
Déjà Dead (1997) Dr. Temperance Brennan
10%
The Thirty-Nine Steps (1915) Richard Hannay
10%
Postmortem (1990) Dr. Kay Scarpetta
5%
Killing Floor (1997) Jack Reacher
5%
The Case of the Velvet Claws (1933) Perry Mason
5%
Meet the Tiger (1928) Simon Templar (aka ‘The Sant’)
5%
Call for the Dead (1961) George Smiley
0%
No matching quizzes found
Score Distribution
Percent of People with Each Score
Percentile by Number Answered
Your Score History
You have not taken this quiz